Postmodern representations : truth, power, and mimesis in the human sciences and public culture
Αποθηκεύτηκε σε:
| Άλλοι συγγραφείς: | |
|---|---|
| Μορφή: | Βιβλίο |
| Γλώσσα: | English |
| Δημοσίευση: |
Urbana and Chicago :
University of Illinois Press,
c1995
|
| Θέματα: | |
| Ετικέτες: |
Προσθήκη ετικέτας
Δεν υπάρχουν, Καταχωρήστε ετικέτα πρώτοι!
|
MARC
| LEADER | 00000nam a2200000 i 4500 | ||
|---|---|---|---|
| 001 | 1/12158 | ||
| 008 | 980529s1995 eng d | ||
| 020 | |a 0-252-06465-8 | ||
| 035 | |l 10018522 | ||
| 040 | |a GR-MY-UA |b gre |e aacr | ||
| 041 | 0 | |a eng | |
| 082 | 0 | |a 303.4 | |
| 245 | 1 | 0 | |a Postmodern representations : |b truth, power, and mimesis in the human sciences and public culture / |c Edited by Richard Harvey Browm |
| 260 | |a Urbana and Chicago : |b University of Illinois Press, |c c1995 | ||
| 300 | |a 246 p. | ||
| 504 | |a Includes bibliographical references and index | ||
| 650 | 0 | 0 | |a Postmodernism |x Social aspects. |
| 700 | 1 | |a Brown, Richard Harvey. |4 edt | |
| 852 | |a INST |b LESVOS |e 19980529 |h 303.4 POS |p 005100014740 |q 005100014740 |t BK |y 0 | ||
| 901 | |a BIBL-1998-2 | ||
| 909 | |a Λ |b 053937 | ||
| 922 | |a 1ΕΛΗ |b 199802 |c ΚΠΣ/ΜΟΥΤΑΦΗ |d ΠΑΠΑΣΩΤΗΡΙΟΥ | ||
| 950 | |a 086-1996-07-16 | ||